[Event "Hamburg HSK Easter op"]
[Site "Hamburg"]
[Date "2024.04.01"]
[Round "7"]
[White "Seum, Ferdinand"]
[Black "Atri, Jamshid"]
[Result "0-1"]
[WhiteElo "1747"]
[BlackElo "1996"]
[PlyCount "104"]
[EventDate "2024.03.29"]
[EventType "swiss"]
[EventRounds "7"]
[EventCountry "GER"]
[SourceTitle "CB18_2024"]
[SourceDate "2024.05.01"]
[SourceVersion "1"]
[SourceVersionDate "2024.05.01"]
[SourceQuality "2"]

1. c4 Nf6 2. Nc3 e6 3. e4 d5 4. cxd5 exd5 5. e5 Ne4 6. d4 Nxc3 7. bxc3 c5 8. Bd3 Nc6 9. Ne2 Be7 10. 0-0 c4 11. Bc2 0-0 12. Nf4 g6 13. Qf3 Be6 14. Nh5 f5 15. exf6 Bxf6 16. Nxf6+ Rxf6 17. Qg3 Qd7 18. Bg5 Rf7 19. Rae1 Bf5 20. Bxf5 Qxf5 21. Re2 b5 22. Qd6 Qd7 23. Qxd7 Rxd7 24. Re6 Rc8 25. a3 Kf7 26. Rfe1 a5 27. Rf6+ Kg7 28. Ree6 Nd8 29. Rb6 Nf7 30. Bf4 b4 31. axb4 axb4 32. cxb4 g5 33. Bg3 Re7 34. f3 Re2 35. Rfc6 Rxc6 36. Rxc6 Rd2 37. Be1 Rd1 38. Kf2 Kf8 39. b5 Ke7 40. b6 Rb1 41. Ba5 h5 42. Kg3 Nd6 43. Rc7+ Ke6 44. Rc6 Kd7 45. Rc7+ Ke8 46. Kh3 Rb3 47. b7 Nxb7 48. Rg7 Nxa5 49. Rxg5 Rb5 50. Re5+ Kd7 51. f4 c3 52. Re2 Rb2 0-1

[Event "Hamburg HSK Easter op"]
[Site "Hamburg"]
[Date "2024.03.31"]
[Round "5"]
[White "Lehmkuhl, Stefan"]
[Black "Seum, Ferdinand"]
[Result "0-1"]
[WhiteElo "1900"]
[BlackElo "1747"]
[PlyCount "91"]
[EventDate "2024.03.29"]
[EventType "swiss"]
[EventRounds "7"]
[EventCountry "GER"]
[SourceTitle "CB18_2024"]
[SourceDate "2024.05.01"]
[SourceVersion "1"]
[SourceVersionDate "2024.05.01"]
[SourceQuality "2"]

1. d4 Nf6 2. Bg5 Ne4 3. Bh4 c5 4. Nd2 Nxd2 5. Qxd2 Qb6 6. 0-0-0 cxd4 7. Qxd4 Qxd4 8. Rxd4 Nc6 9. Rd1 e5 10. e4 Be7 11. Bxe7 Kxe7 12. Bc4 a6 13. Nf3 h6 14. Bd5 d6 15. h3 Be6 16. Kb1 Rac8 17. Rd2 Rhd8 18. Rhd1 Bxd5 19. Rxd5 Ke6 20. c3 Ne7 21. R5d3 d5 22. g3 Rd7 23. Ne1 Rcd8 24. exd5+ Rxd5 25. Kc2 f5 26. Rxd5 Rxd5 27. Nd3 g5 28. c4 Ra5 29. Kb1 e4 30. b4 Ra3 31. Nc5+ Ke5 32. Nxb7 Rd3 33. Kc2 Nc6 34. Rxd3 Nxb4+ 35. Kd2 Nxd3 36. f3 f4 37. gxf4+ Nxf4 38. fxe4 Kxe4 39. Nd6+ Kd4 40. h4 gxh4 41. Nf5+ Kxc4 42. Nxh4 Kb4 43. Kc2 Ka3 44. Kb1 Ne2 45. Nf5 h5 46. Ne3 0-1

[Event "Hamburg HSK Easter op"]
[Site "Hamburg"]
[Date "2024.03.30"]
[Round "3"]
[White "Schramm, Fynn"]
[Black "Seum, Ferdinand"]
[Result "1/2-1/2"]
[WhiteElo "1959"]
[BlackElo "1747"]
[PlyCount "104"]
[EventDate "2024.03.29"]
[EventType "swiss"]
[EventRounds "7"]
[EventCountry "GER"]
[SourceTitle "CB18_2024"]
[SourceDate "2024.05.01"]
[SourceVersion "1"]
[SourceVersionDate "2024.05.01"]
[SourceQuality "2"]

1. e4 c6 2. d4 d5 3. exd5 cxd5 4. Bd3 Nc6 5. c3 Nf6 6. h3 e5 7. dxe5 Nxe5 8. Nf3 Nxd3+ 9. Qxd3 a6 10. 0-0 Be7 11. Bf4 0-0 12. Nbd2 Bd7 13. Nd4 Bc5 14. Rfe1 Qb6 15. N2b3 Bxd4 16. Qxd4 Qxd4 17. Nxd4 Rfe8 18. f3 Rxe1+ 19. Rxe1 Re8 20. Kf2 g6 21. Rxe8+ Nxe8 22. Ke3 Ng7 23. Bd6 f6 24. g4 Kf7 25. h4 h5 26. gxh5 Nxh5 27. Nb3 Ng7 28. Nd4 Bf5 29. a4 Bd7 30. a5 Bc6 31. b3 Ke8 32. Bh2 Kd7 33. Ne2 Nf5+ 34. Kf4 Nxh4 35. Nd4 Ng2+ 36. Kg3 Ne1 37. Kf2 Nd3+ 38. Ke3 Ne5 39. Bg3 Nf7 40. Kf4 Ke7 41. Kg4 Bd7+ 42. Kf4 Nh6 43. Bh2 g5+ 44. Kg3 f5 45. Bg1 Kf6 46. Nc2 f4+ 47. Kg2 Nf5 48. Kf2 Ke5 49. Ke2 Bb5+ 50. Kd2 Nh4 51. Ne1 Ke6 52. Bf2 Kf5 1/2-1/2